Hoá học đại cương

Sách gồm 12 chương giới thiệu các vấn đề như: cấu tạo nguyên tử; hạt nhân nguyên tử;định luật tuần hoàn; liên kết hoá học; thuyết ORBITAL phân tử; tính chất điện và từ của các chất; cấu tạo tinh thể; chất khí; định luật thứ 1 và 2 c...

Descrición completa

Gardado en:
Detalles Bibliográficos
Autor Principal: Nguyễn, Đình Chi
Formato: Libro
Idioma:Undetermined
Publicado: H. Giáo dục Việt Nam 2009
Những chủ đề:
Acceso en liña:http://lrc.tdmu.edu.vn/opac/search/detail.asp?aID=2&ID=5976
Các nhãn: Engadir etiqueta
Sen Etiquetas, Sexa o primeiro en etiquetar este rexistro!
Thư viện lưu trữ: Trung tâm Học liệu Trường Đại học Thủ Dầu Một
LEADER 01413nam a2200205Ia 4500
001 TDMU_5976
008 210410s9999 xx 000 0 und d
082 |a 540 
090 |b NG527 
100 |a Nguyễn, Đình Chi 
245 0 |a Hoá học đại cương 
245 0 |c Nguyễn Đình Chi 
260 |a H. 
260 |b Giáo dục Việt Nam 
260 |c 2009 
300 |a 451tr. 
520 |a Sách gồm 12 chương giới thiệu các vấn đề như: cấu tạo nguyên tử; hạt nhân nguyên tử;định luật tuần hoàn; liên kết hoá học; thuyết ORBITAL phân tử; tính chất điện và từ của các chất; cấu tạo tinh thể; chất khí; định luật thứ 1 và 2 của nhiệt động lực học áp dụng cho hoá học; cân bằng hoá học; cân bằng pha; dung dịch; giản đồ pha của hệ nhiều cấu tử; ... Sách được trình bày một cách tổng quát, dễ hiểu; sau mỗi chương có phần tự kiểm tra. Đây là tài liệu thiết thực cho sinh viên nhiều ngành không chuyên hoá khác nhau. 
650 |a Hoá đại cương 
856 |u http://lrc.tdmu.edu.vn/opac/search/detail.asp?aID=2&ID=5976 
980 |a Trung tâm Học liệu Trường Đại học Thủ Dầu Một